Language Quiz

Random Language or Letter Quiz
Score 0/34 Timer 05:00
0 Plays Today
Clue (Length) Answer % Correct
Exist (2)Be
97.5%
Short 'farewell' (3)Bye
95%
Honey insect (3)Bee
94.7%
Constricting snake (3)Boa
93.9%
Jackson or Derek (2)Bo
93.7%
One of a bodybuilder's 'six pack' (2)Ab
91.5%
Sheep's bleat (3)Baa
91.5%
Lincoln's 'Honest' nickname (3)Abe
90.4%
Woman's short haircut (3)Bob
89.4%
Opposite of 'hurrah' (3)Boo
89.1%
Lobster eater's wear (3)Bib
88.7%
Next to (2)By
88.4%
Ali, who said 'Open Sesame' (4)Baba
84.3%
The Gallant Pig (4)Babe
80.8%
'Nobody puts ____ in the corner' (4)Baby
80%
Woodwind originally called a hautbois (4)Oboe
79.7%
____ Tube, synonym for Idiot Box (4)Boob
79.1%
Clue (Length) Answer % Correct
London policeman (5)Bobby
76.2%
Golden Girl Arthur (3)Bea
74%
Boyfriend, or male admirer (4)Beau
72.7%
Forrest Gump's army buddy (5)Bubba
68.1%
1974 Eurovision Song Contest winners (4)Abba
62.2%
Bounty hunter Fett (4)Boba
60%
Wane (3)Ebb
57.3%
Ann Landers' advice-giving sister (4)Abby
56.4%
A mistake (6)Booboo
56.3%
Scott of 'Charles in Charge' (4)Baio
55.3%
Seabird, often Red or Blue Footed (5)Booby
50.4%
Traditional Japanese sash (3)Obi
48.4%
Big ___ of Outkast (3)Boi
38.4%
Late activist Hoffman co-founded the Yippies (5)Abbie
31.5%
Off-Broadway Theater Award (4)Obie
31.2%
NBA point guard Mike started in Vancouver (5)Bibby
28.7%
African tree with a swollen trunk (6)Baobab
25.1%

You're not logged in!

Compare scores with friends on all Sporcle quizzes.
OR
Log In

Sporcle TV

Today on Sporcle TV


Watch our educational content, quiz creation guides, and fun videos on Sporcle TV.

Show Comments

Extras

Top Quizzes Today


Score Distribution

Paid Content

Your Account Isn't Verified!

In order to create a playlist on Sporcle, you need to verify the email address you used during registration. Go to your Sporcle Settings to finish the process.

Report this User

Report this user for behavior that violates our Community Guidelines.

Details: